| 000 | 00465cam a2200193ua 4500 | ||
|---|---|---|---|
| 001 | 2880 | ||
| 005 | 20260515113610.0 | ||
| 008 | 110913n ii |||gr||||Z||||||asm | ||
| 040 | _cMAIN | ||
| 082 | _a920 | ||
| 100 | 1 | _aBairagy, Been, | |
| 245 | 1 | 1 |
_aHridyoi jurua baba _cby Been Bairagy |
| 250 | _a1st. | ||
| 260 |
_aPabanar: _bParam dham prakashan, _c2001. |
||
| 300 |
_a312p: _c23cm. |
||
| 653 | _aBiography | ||
| 653 | _aBiography of Baba Binuwa | ||
| 942 | _cBK | ||
| 999 |
_c2727 _d2727 |
||